00726cam a2200217 a 4500020004200000020003900042020003800081020003500119041001200154082001600166100002500182245004300207260004800250300001700298650002600315700002500341700002300366942000700389952009500396999001700491 a9780195328196 (hardback : alk. paper) a0195328191 (hardback : alk. paper) a9780195328202 (pbk. : alk. paper) a0195328205 (pbk. : alk. paper) aENGLISH00a201.65bBRO aBrooke, John Hedley.00aScience and religion around the world  aNew York :bOxford University Press,c2011. axv, 316 p. ; 0aReligion and science.1 aBrooke, John Hedley.1 aNumbers, Ronald L. cBK 00104070aHMIbHMIcGENd2018-10-24l0o201.65 BROp11003736r2026-01-16w2026-01-16yBK c22361d22361